Effect of processing conditions on the degradation and on the recycling of polycarbonate (Record no. 58071)

MARC details
000 -LEADER
fixed length control field 00452nam a2200145Ia 4500
100 ## - MAIN ENTRY--AUTHOR NAME
Personal name Mantia F P La
245 #0 - TITLE STATEMENT
Title Effect of processing conditions on the degradation and on the recycling of polycarbonate
260 ## - PUBLICATION, DISTRIBUTION, ETC. (IMPRINT)
Name of publisher Progress in Rubber, Plastics and Recycling Technology
Year of publication 2003
300 ## - PHYSICAL DESCRIPTION
Number of Pages 135-142
650 ## - SUBJECT ADDED ENTRY--TOPICAL TERM
Topical Term Molecular weight
650 ## - SUBJECT ADDED ENTRY--TOPICAL TERM
Topical Term Polycarbonate
700 ## - ADDED ENTRY--PERSONAL NAME
Personal name Correnti A
942 ## - ADDED ENTRY ELEMENTS (KOHA)
Koha item type Journals
Holdings
Withdrawn status Lost status Damaged status Not for loan Home library Current library Shelving location Date acquired Serial Enumeration / chronology Koha item type
      Journals RRII Library RRII Library Rubber chemistry 29/08/2003 Volume 19, Issue 3 Journals